000 00661nam a22001937a 4500
005 20180622150408.0
010 _aB-128352
020 _a8186361715
_c70.00
035 _aB-128352
037 _adpl
_bVora Medical Publication
082 _a641
_bRAO
100 _aRao, Rachel
245 _aManual of nutrition and detection/
_cby Rachel Rao
260 _aMumbai
_bVora Medical Publication
_c2004
270 _a6, Princess building, E.R. Road
_bMumbai
_e400003
300 _a148p.
_c21cm(Pb)
942 _2ddc
_cEN
_h641
_mRAO
999 _c152984
_d152984